000 00933nam a2200205 a 4500
001 000034719
005 20200930073848.0
008 111019s1991 ve 000 0 spa d
020 _a9800101640
040 _aDO-SdBNP
_bspa
_cBNPHU
100 1 _aPicón-Salas, Mariano,
_d1901-1965
_99942
245 1 0 _aViajes y estudios latinoamericanos :
_bPáginas de Chile y Perú ; Gusto de México ; Imágenes y retratos /
_cMariano Picón-Salas ; introducción José Balza ; edición, notas y variantes Cristian Álvarez ; proyecto y selección de Guillermo Sucre.
260 _aCaracas :
_bMonte Ávila Editores,
_c1991.
300 _axv, 294 p. ;
_c22 cm.
490 0 _aBiblioteca Mariano Picón-Salas ;
_v4
505 0 _acontenido:
_tPáginas de Chile y Perú. --
_tGusto de México. --
_tImágenes y retratos.
700 1 _aBalza, José,
_eintr.
_920661
700 1 _aÁlvarez, Cristian,
_eed.
_960175
700 1 _aSucre, Guillermo,
_esel.
_96249
999 _c34210
_d34210